000 00734nam a2200241Ia 4500
003 IIN
005 20250429130912.0
008 250429s9999 xx acd 001 0 eng d
020 _cRs.1360.00
_a978813156459
040 _aIIN
_bEng
082 _a610.73
_bWIL
100 1 _aWilliams, Patricia
245 1 _aDewit's Fundamental Concepts and Skills for Nursing /
_cPatricia Williams; edited by Ambika Ravindran and Sonali Banerjee
250 _a2nd SAE
260 _bElsevier
_aNew Delhi
_c2023
300 _axxvi, 1044 p.
_bcol. ill.
500 _aIncludes Index
650 1 _aFoundation
_vNursing
650 1 _aFundamental
_vNursing
700 1 _aRavindran, Ambika (ed.)
700 1 _aBanerjee, Sonali (ed.)
942 _cBOOK
999 _c1774
_d1774